000 00606pam a2200193 4500
001 1053
005 20181127162624.0
008 970625s1998 cau b 000 0 eng
010 _a 97027097
020 _a0767402359
020 _a155934931X
100 1 _aSchwalbe, Michael,
_d1956-
245 1 4 _aThe sociologically examined life :
_bpieces of the conversation /
_cMichael Schwalbe.
260 _aMountain View, Calif. :
_bMayfield Pub.,
_cc1998.
300 _avii, 207 p. ;
_c22 cm.
504 _aIncludes bibliographical references.
650 0 _aSociology
_xMethodology.
650 0 _aSociology
_xPhilosophy.
999 _c742
_d742